00857nam a2200193 a 450000100100000000500170001000800410002704000250006811000820009324000160017524500760019125000250026726000510029230000210034304900090036495201670037395201060054099900170064600003101120200930062640.0110610s1936 dr 000 0 spa d aDO-SdBNPbspacBNPHU1 aRepública DominicanabSecretaría de Estado de Comercio e Industria95751410aLeyes, etc.10aRecopilación de leyes y decretos :bhasta el 31 de diciembre de 1935. aPublicació oficial aSanto Domingo :bEditorial La Nación,c1936. a153 p. ;c24 cm. aBNPD 001050718RVaPDbPDcCTd2011-06-10iLF1l0o p31011-10r2020-06-25w2020-06-25y1zPerteneció a la biblioteca personal de Julio Ortega Frier.ZNo se presta 00107-18PDaPDbPDcOId2011-06-10iLF1l0o p31012-10r2020-06-25w2020-06-25yLFPDZNo se presta c30503d30503